UK PMs and US Presidents Quiz - Statistics

General Stats
  • This quiz has been taken 421 times
  • The average score is 9 of 15
Answer Stats
Hint Answer % Correct
PM during the majority of WWII Churchill
92%
First Non-white President Obama
91%
First President Washington
90%
Only President to resign Nixon
79%
President during the majority of WWII Roosevelt
79%
Notorious for his sexual antics (President) Clinton
75%
Five star General during WWII (President) Eisenhower
74%
First Jewish PM Disraeli
57%
First Republican President Lincoln
55%
PM when the NHS was started Attlee
51%
PM during the Suez Crisis Eden
49%
The namesake of a tea brand (PM) Earl Grey
47%
PM with the most non consecutive terms Gladstone
35%
First PM whose first language wasn't english Lloyd-George
21%
First Conservative PM Peel
20%
No matching quizzes found
Score Distribution
Percent of People with Each Score
Percentile by Number Answered
Your Score History
You have not taken this quiz